000 01062cad a22002175a 4500
001 L124977
008 040202s2003 xxk l f000 0 eng u
020 _a0110482263
035 _a(Sirsi) u124977
041 _aeng
245 0 0 _aCouncil Tax and Non-Domestic Rating (Demand Notices)(England)(Amendment) Regulations 2003
_h[electronic resource]
260 _aLondon
_bHMSO
_c2003
490 _aSI
_v2003: 3081
520 _aCame into force 25 December 2003. Amend the Council Tax and Non-Domestic Rating (Demand Notices) (England) Regulations 2003 to take into account various provisions of the Local Government Act 2003. See the Explanatory Note for details. View at www.legislation.hmso.gov.uk/si.
650 _aCOUNCIL TAX AND NON-DOMESTIC RATING (DEMAND NOTICES) (ENGLAND) REGULATIONS 2003
650 _aCOUNCIL TAX
650 _aLOCAL GOVERNMENT ACT 2003
690 _aRATING AND LOCAL TAXATION
856 _uhttps://www.legislation.gov.uk/uksi/2003/3081/contents/made
_zView the Regulations free of charge at www.legislation.gov.uk
942 _n0
999 _c103324
_d103324